00944nam a2200253 i 450000100060000000300090000600500170001500800390003201500170007104000280008804100130011608000100012910000480013924501040018724600460029126000590033730000390039638000170043550400120045265000340046470000490049871000450054785600980059213169KOSZ 00520221010141709.0080728s1955 pl a f 001 0 pol aPB 1955/6552 aWA NcWA NdKOSZ 005/RW1 apolhger a621.31 aKrukowski, Włodzimierzd(1887-1941)eAutor10aLiczniki energii elektrycznej /cWłodzimierz Krukowski ; [tł. z jęz. niem. Adam Strzałkowski].1 iTyt. oryg.:aGrundzuge der Zahlertechnik. aWarszawa :bPaństwowe Wydawnictwa Techniczne,c1955. a451, [1] s. :bil., err. ;c25 cm. aKsiążki. aIndeks. 4aLiczniki energii elektrycznej1 aStrzałkowski, Adamd(1923- ).eTłumaczenie2 aPaństwowe Wydawnictwa Techniczne4pbl. uhttp://koha.tu.koszalin.pl/cgi-bin/koha/opac-detail.pl?biblionumber=13169yKatalog online BPK